[Event "22nd Open"]
[Site "Cappelle la Grande FRA"]
[Date "2006.02.18"]
[Round "1"]
[White "Mazzilli,P"]
[Black "Novikov,Ma"]
[Result "0-1"]
[WhiteElo "2332"]
[BlackElo "2518"]
[EventDate "2006.02.18"]

1. e4 e5 2. Bc4 Bc5 3. Nf3 Nc6 4. c3 Nf6 5. d3 a6 6. a4 O-O 7. Bg5 h6 8.
Bh4 g5 9. Bg3 d6 10. O-O Bg4 11. h3 Bh5 12. Nbd2 Kh8 13. b4 Bb6 14. Qb3 a5
15. b5 Ne7 16. Rfe1 Qe8 17. h4 g4 18. Nxe5 Nfg8 19. Nxg4 Bxg4 20. e5 dxe5
21. Rxe5 f6 22. Re4 Qg6 23. Kh2 Bf5 24. h5 Qxh5+ 25. Rh4 Qg6 26. Rf4 Bxd3
27. Bxd3 Qxd3 28. Ne4 Qd5 29. c4 Qh5+ 30. Rh4 Qf7 31. Qf3 Bd4 32. Nd6 cxd6
33. Rxd4 Rac8 34. Qxb7 Rxc4 35. Rxc4 Qxc4 36. Bxd6 Qh4+ 37. Kg1 Qd4 38. Rc1
Qxd6 39. Qa7 Qd2 40. Rb1 Rc8 41. b6 Rc1+ 42. Rxc1 Qxc1+ 43. Kh2 Qc5 44. f3
Nd5 0-1

[Event "22nd Open"]
[Site "Cappelle la Grande FRA"]
[Date "2006.02.18"]
[Round "1"]
[White "Kurnosov,I"]
[Black "Simon,O"]
[Result "0-1"]
[WhiteElo "2517"]
[BlackElo "2330"]
[EventDate "2006.02.18"]

1. e4 c5 2. Ne2 Nf6 3. Nbc3 d5 4. exd5 Nxd5 5. d4 Nxc3 6. bxc3 cxd4 7. cxd4
g6 8. g3 Qd5 9. Rg1 Bg7 10. Bg2 Qc4 11. c3 Nd7 12. Qb3 Qc7 13. Bf4 e5 14.
dxe5 Bxe5 15. Qb4 Nc5 16. O-O-O O-O 17. Rd5 Bxf4+ 18. Qxf4 Qe7 19. Qe3 Ne6
20. Rgd1 a5 21. Kb2 Ra6 22. Ka1 Qc7 23. h4 Ng7 24. Rc5 Qb6 25. Rb1 Qf6 26.
Qf4 Bf5 27. Rxb7 Ne6 28. Rxf5 gxf5 29. Qe3 Rd6 30. Rb5 Rfd8 31. Rxa5 Rd1+
32. Kb2 R1d2+ 33. Kb3 Qe7 34. Nd4 Nxd4+ 35. cxd4 Rb8+ 0-1

[Event "22nd Open"]
[Site "Cappelle la Grande FRA"]
[Date "2006.02.18"]
[Round "1"]
[White "Kovchan,A"]
[Black "Bernard,C"]
[Result "1/2-1/2"]
[WhiteElo "2513"]
[BlackElo "2324"]
[EventDate "2006.02.18"]

1. e4 c5 2. Nf3 d6 3. d4 cxd4 4. Nxd4 Nf6 5. Nc3 Nc6 6. f3 Qb6 7. Nb3 e6 8.
Bf4 Ne5 9. Qe2 Bd7 10. Be3 Qc7 11. f4 Ng6 12. O-O-O a6 13. g4 Bc6 14. Bd2
d5 15. f5 Nf4 16. Qf2 Bd6 17. Nd4 O-O 18. Nxc6 bxc6 19. Qf3 Rab8 20. g5
dxe4 21. Nxe4 Nxe4 22. Qxe4 Be5 23. c3 exf5 24. Qxf5 Qa5 25. Qc2 Qxa2 26.
Re1 Rfd8 27. Rxe5 Qa1+ 28. Qb1 Qxb1+ 29. Kxb1 Rxd2 30. b3 Rxb3+ 31. Kc1 Rd8
32. Rc5 Rb6 33. Bc4 Rdb8 34. Kd2 Ne6 35. Ra5 Nc7 36. Rf1 Rb2+ 37. Kd3 Rd8+
38. Ke4 Re8+ 39. Kf3 Rc2 40. Rc5 Rxc3+ 41. Kg2 Nd5 42. Bxd5 Rxc5 43. Bxf7+
Kf8 44. Bh5+ Ke7 45. Re1+ Kd6 46. Bxe8 Rxg5+ 47. Kf3 1/2-1/2

[Event "22nd Open"]
[Site "Cappelle la Grande FRA"]
[Date "2006.02.18"]
[Round "1"]
[White "Hansen,TR"]
[Black "Kryvoruchko,Y"]
[Result "0-1"]
[WhiteElo "2323"]
[BlackElo "2513"]
[EventDate "2006.02.18"]

1. e4 d6 2. d4 Nf6 3. Nc3 g6 4. Nf3 Bg7 5. Be2 c6 6. O-O O-O 7. Re1 Qc7 8.
h3 e5 9. Bg5 Nbd7 10. Qd2 b5 11. a3 Bb7 12. Bf1 exd4 13. Nxd4 Rfe8 14. Bh6
a6 15. Nf5 Bxh6 16. Nxh6+ Kg7 17. g4 d5 18. exd5 cxd5 19. g5 Ne4 20. Nxe4
dxe4 21. Bg2 Ne5 22. Kh1 Nc4 23. Qd4+ Qe5 24. Rad1 Bc6 25. b3 Nxa3 26.
Qxe5+ Rxe5 27. Rd6 Rc8 28. f4 Re6 29. Rxe6 fxe6 30. c3 b4 31. cxb4 Nc2 32.
Re2 Nd4 33. Re1 Nf3 34. Bxf3 exf3 35. Rc1 e5 36. Kg1 e4 37. Ng4 Bd7 38. Re1
Bf5 39. Kf2 Rc2+ 40. Ke3 Rc3+ 41. Kd4 Bxg4 42. Kxc3 f2 43. Rf1 e3 0-1

[Event "22nd Open"]
[Site "Cappelle la Grande FRA"]
[Date "2006.02.18"]
[Round "1"]
[White "Ninov,N"]
[Black "Rogule,L"]
[Result "1-0"]
[WhiteElo "2513"]
[BlackElo "2320"]
[EventDate "2006.02.18"]

1. e4 c5 2. Nf3 d6 3. d4 cxd4 4. Nxd4 Nf6 5. Nc3 a6 6. Be2 e5 7. Nb3 Be7 8.
O-O O-O 9. f4 Nc6 10. f5 b5 11. a3 Bb7 12. Bf3 a5 13. Be3 a4 14. Nc1 b4 15.
Nd5 bxa3 16. Rxa3 Nxd5 17. exd5 Nd4 18. Be4 Nb5 19. Qg4 Bf6 20. Bh6 Kh8 21.
Bxg7+ Bxg7 22. f6 Rg8 23. Qf5 1-0

[Event "22nd Open"]
[Site "Cappelle la Grande FRA"]
[Date "2006.02.18"]
[Round "1"]
[White "Jessel,S"]
[Black "Zubarev,Al1"]
[Result "0-1"]
[WhiteElo "2313"]
[BlackElo "2508"]
[EventDate "2006.02.18"]

1. e4 c5 2. Nf3 Nc6 3. d4 cxd4 4. Nxd4 Qb6 5. Nb3 Nf6 6. Nc3 e6 7. Bd3 a6
8. Be3 Qc7 9. f4 d6 10. Qf3 b5 11. g4 Bb7 12. O-O-O Nb4 13. g5 Nd7 14. Kb1
Be7 15. h4 O-O 16. h5 f5 17. gxf6 Bxf6 18. Qg4 Rfe8 19. Rhg1 Nxd3 20. cxd3
Nf8 21. Rc1 Qd7 22. e5 dxe5 23. Nc5 Qe7 24. Nxb7 Qxb7 25. Ne4 Nd7 26. Nd6
Qd5 27. Nxe8 Qxd3+ 28. Ka1 Rxe8 29. Qd1 Qxd1 30. Rgxd1 exf4 31. Bxf4 Nb6
32. Be3 Nc4 33. Bd4 Bg5 34. Rc2 Rd8 35. b3 Ne3 36. Rc7 Nxd1 37. Rxg7+ Kf8
38. Be5 Bf4 39. Bf6 Rc8 0-1

[Event "22nd Open"]
[Site "Cappelle la Grande FRA"]
[Date "2006.02.18"]
[Round "1"]
[White "Schlawin,M"]
[Black "Zinchenko,Ya"]
[Result "0-1"]
[WhiteElo "2301"]
[BlackElo "2501"]
[EventDate "2006.02.18"]

1. e4 c5 2. Nf3 Nc6 3. Bb5 e6 4. Bxc6 bxc6 5. O-O Ne7 6. b3 Ng6 7. Re1 Be7
8. Ba3 e5 9. c3 d6 10. Bb2 f5 11. exf5 Bxf5 12. d4 cxd4 13. cxd4 e4 14.
Nfd2 d5 15. f3 exf3 16. Nxf3 O-O 17. Nbd2 Bd6 18. Ne5 Nf4 19. Ndf3 Be4 20.
Re3 Nxg2 21. Kxg2 Qg5+ 22. Kf2 Bxe5 23. dxe5 Bxf3 24. Rxf3 Rxf3+ 25. Qxf3
Rf8 26. Qxf8+ Kxf8 27. Re1 Ke7 28. e6 c5 29. Ba3 d4 30. b4 Qh4+ 31. Ke2 d3+
32. Kd2 Qf2+ 0-1

[Event "22nd Open"]
[Site "Cappelle la Grande FRA"]
[Date "2006.02.19"]
[Round "2"]
[White "Gashimov,V"]
[Black "Tseitlin,Ma"]
[Result "1-0"]
[WhiteElo "2625"]
[BlackElo "2475"]
[EventDate "2006.02.18"]

1. e4 e5 2. Nf3 Nc6 3. Bb5 a6 4. Ba4 Nf6 5. O-O Be7 6. Re1 b5 7. Bb3 d6 8.
c3 O-O 9. h3 Na5 10. Bc2 c5 11. d4 Qc7 12. Nbd2 cxd4 13. cxd4 Rd8 14. b3
Nc6 15. Bb2 Bb7 16. Rc1 Qb6 17. a3 Bf8 18. b4 a5 19. bxa5 Rxa5 20. Bb3 exd4
21. Ng5 Rd7 22. Nxf7 Rxf7 23. Bxf7+ Kxf7 24. Qb3+ Kg6 25. Nc4 Qd8 26. Nxa5
Qxa5 27. Red1 h6 28. Bxd4 Nxd4 29. Rxd4 Bxe4 30. Qg3+ Kf7 31. Qb3+ Kg6 32.
Rxe4 Nxe4 33. Qb1 d5 34. f3 Qxa3 35. fxe4 Qe3+ 36. Kh1 dxe4 37. Rc6+ Kh7
38. Qf1 Kg8 39. Rc8 Qa3 40. Qxb5 Qa1+ 41. Kh2 Qd4 42. Qb8 Qf6 43. Re8 Qf5
44. Qd6 e3 45. Qd4 Kh7 46. Rxe3 Bc5 47. Qd3 Qxd3 48. Rxd3 Be7 49. Rd5 Kg6
50. Kg3 h5 51. Kf4 Bf6 52. Rd6 Kf7 53. Ra6 g6 54. Ke4 Bc3 55. Kd5 Be1 56.
Rc6 Bh4 57. Rc3 Bd8 58. Rf3+ Bf6 59. Kd6 Kg7 60. Ke6 Bd4 61. Rf7+ 1-0

[Event "22nd Open"]
[Site "Cappelle la Grande FRA"]
[Date "2006.02.19"]
[Round "2"]
[White "Malakhatko,V"]
[Black "Tirard,H"]
[Result "1/2-1/2"]
[WhiteElo "2556"]
[BlackElo "2447"]
[EventDate "2006.02.18"]

1. d4 Nf6 2. c4 c5 3. d5 b5 4. cxb5 a6 5. bxa6 Bxa6 6. Nc3 g6 7. g3 d6 8.
Bg2 Bg7 9. Nf3 Nbd7 10. Rb1 O-O 11. O-O Qa5 12. Bd2 Rfb8 13. b3 Ne8 14. Qc2
Qa3 15. Rfd1 Nc7 16. Bc1 Qa5 17. Bb2 Nb6 18. e4 Bc8 19. h3 Bd7 20. a3 Qa6
21. Qc1 Qc8 22. Kh2 c4 23. b4 Na4 24. Nxa4 Bxa4 25. Rd4 Bb3 26. e5 Nb5 27.
Rh4 c3 28. Bxc3 Ba2 29. Bb2 Bxb1 30. Qxb1 Nxa3 31. Bxa3 Rxa3 32. Nd4 Qc3
33. Nc6 Re8 34. exd6 exd6 35. Re4 Be5 36. Re3 Ra1 37. Rxc3 Rxb1 38. Re3 Kf8
39. Bf3 Ra8 40. Nxe5 dxe5 41. Rxe5 Rxb4 42. Re2 Ra3 43. Bg2 Rd4 44. h4 Kg7
45. Rc2 Kh6 46. Rb2 Ra7 47. Bf3 Kg7 48. Rc2 h5 49. Rb2 Kh6 50. Rc2 f5 51.
Kg2 Ra3 52. Rb2 Rdd3 53. Be2 Rxd5 54. Bf3 Rd4 55. Re2 f4 56. Re4 Rxe4 57.
Bxe4 g5 58. hxg5+ Kxg5 59. Bf3 h4 60. gxh4+ Kxh4 61. Bc6 Rc3 62. Bf3 Kg5
63. Bd5 Kf5 64. Bf3 Rc1 65. Bd5 Ke5 66. Bf3 Rc7 67. Ba8 Rc3 68. Bf3 Kd4 69.
Bb7 Rd3 70. Bc6 Rb3 71. Ba8 Rc3 72. Bb7 Kc4 73. Be4 Kb3 74. Kf1 Kc4 75. Kg2
Kc5 76. Bf3 Rb3 77. Be4 Ra3 78. Bb7 Ra7 79. Be4 Kd4 80. Bc6 Rc7 81. Ba8 Ke5
82. Kf3 Ra7 83. Bc6 Rg7 84. Ba8 Rc7 85. Kg2 Rc5 86. Bb7 Kf5 87. Bf3 Kg5 88.
Be4 Rc3 89. Bf3 Kf5 1/2-1/2

[Event "22nd Open"]
[Site "Cappelle la Grande FRA"]
[Date "2006.02.19"]
[Round "2"]
[White "Jaracz,P"]
[Black "Korneev,O"]
[Result "1/2-1/2"]
[WhiteElo "2486"]
[BlackElo "2649"]
[EventDate "2006.02.18"]

1. e4 c5 2. Nf3 e6 3. d4 cxd4 4. Nxd4 Nc6 5. Nc3 Qc7 6. Be2 a6 7. O-O Nf6
8. Kh1 h5 9. f4 Nxd4 10. Qxd4 Bc5 11. Qd3 Ng4 12. e5 d5 13. exd6 Qxd6 14.
Qxd6 Bxd6 15. Ne4 Be7 16. h3 Nf6 17. Bf3 Rb8 18. Be3 Bd7 19. Rad1 1/2-1/2

[Event "22nd Open"]
[Site "Cappelle la Grande FRA"]
[Date "2006.02.19"]
[Round "2"]
[White "Senff,M"]
[Black "Baklan,V"]
[Result "1/2-1/2"]
[WhiteElo "2471"]
[BlackElo "2601"]
[EventDate "2006.02.18"]

1. e4 c5 2. Nf3 d6 3. d4 cxd4 4. Nxd4 Nf6 5. Nc3 Nc6 6. Bg5 e6 7. Qd2 a6 8.
O-O-O Bd7 9. f4 h6 10. Bh4 g5 11. fxg5 Ng4 12. Be2 Nge5 13. Nf3 Be7 14.
Rhg1 b5 15. Rdf1 b4 16. Nd1 hxg5 17. Bxg5 Bxg5 18. Nxg5 Qa5 19. Kb1 b3 20.
Qxa5 bxc2+ 21. Kxc2 Nxa5 22. Rh1 Ke7 23. Nf3 Rhc8+ 24. Nc3 Nec4 25. Bxc4
Nxc4 26. Re1 a5 27. Nd2 Ne5 28. Nf3 Nc6 29. h4 Rab8 30. Kb1 a4 31. Rc1 Rg8
32. Rh2 Nb4 33. Ne1 a3 34. b3 d5 35. Nc2 Nxc2 36. Kxc2 dxe4 37. Nxe4 Bc6
38. Kd3 Bxe4+ 39. Kxe4 Rg3 40. h5 Rbg8 41. Rc7+ Kf6 42. Rh4 Kg5 43. Rh1 f5+
44. Ke5 Re3+ 45. Kd6 Kh6 46. Rf7 Rxg2 47. Rf6+ Kg7 48. Rxe6 Rxe6+ 49. Kxe6
Rxa2 50. Kxf5 Rb2 51. Ke4 Rxb3 52. Ra1 Kh6 1/2-1/2

[Event "22nd Open"]
[Site "Cappelle la Grande FRA"]
[Date "2006.02.19"]
[Round "2"]
[White "Bykhovsky,Av"]
[Black "Yevseev,D"]
[Result "0-1"]
[WhiteElo "2464"]
[BlackElo "2557"]
[EventDate "2006.02.18"]

1. d4 d5 2. c4 e6 3. Nf3 Nf6 4. Nc3 c6 5. cxd5 exd5 6. Bg5 h6 7. Bf4 Bf5 8.
e3 Qb6 9. Qb3 Na6 10. Qxb6 axb6 11. a3 b5 12. Be2 Be7 13. O-O O-O 14. Nd2
Bg6 15. Nb3 Nh5 16. Bg3 Nxg3 17. hxg3 Ra7 18. Rfc1 Nc7 19. a4 b4 20. Nd1
Rfa8 21. a5 Bf5 22. Kf1 Bd7 23. Ra2 Ne8 24. Rca1 Nd6 25. Nc5 Bc8 26. b3 b6
27. Nd3 Nb7 28. Ne5 Nxa5 29. Nb2 Bd6 30. Nf3 c5 31. dxc5 bxc5 32. Ke1 Be6
33. Nd2 Be5 0-1

[Event "22nd Open"]
[Site "Cappelle la Grande FRA"]
[Date "2006.02.19"]
[Round "2"]
[White "Azarov,S"]
[Black "Gozzoli,Y"]
[Result "1/2-1/2"]
[WhiteElo "2581"]
[BlackElo "2464"]
[EventDate "2006.02.18"]

1. e4 c5 2. Nf3 d6 3. d4 cxd4 4. Nxd4 Nf6 5. Nc3 a6 6. Bg5 e6 7. f4 h6 8.
Bh4 Nbd7 9. Qf3 e5 10. Nf5 exf4 11. Bxf6 Nxf6 12. Qxf4 Bxf5 13. exf5 Rc8
14. O-O-O Be7 15. Kb1 Rxc3 16. bxc3 O-O 17. Bc4 Qb6+ 18. Bb3 d5 19. Qf3
1/2-1/2

[Event "22nd Open"]
[Site "Cappelle la Grande FRA"]
[Date "2006.02.19"]
[Round "2"]
[White "Zilberman,Y"]
[Black "Neverov,V"]
[Result "1/2-1/2"]
[WhiteElo "2463"]
[BlackElo "2554"]
[EventDate "2006.02.18"]

1. d4 d5 2. c4 e6 3. Nc3 Be7 4. Nf3 Nf6 5. Bg5 O-O 6. e3 h6 7. Bxf6 Bxf6 8.
Qd2 Nc6 9. Rc1 g6 10. Be2 Bg7 11. O-O dxc4 12. Bxc4 e5 13. d5 Ne7 14. e4
Bg4 15. Be2 c6 16. Rfd1 cxd5 17. exd5 Nf5 18. d6 Bxf3 19. Bxf3 Nd4 20. Bxb7
1/2-1/2

[Event "22nd Open"]
[Site "Cappelle la Grande FRA"]
[Date "2006.02.19"]
[Round "2"]
[White "Hasangatin,R"]
[Black "Grigoriants,S RUS"]
[Result "1/2-1/2"]
[WhiteElo "2460"]
[BlackElo "2550"]
[EventDate "2006.02.18"]

1. Nf3 c5 2. c4 Nc6 3. Nc3 g6 4. g3 Bg7 5. Bg2 d6 6. O-O e5 7. d3 Nge7 8.
Bg5 f6 9. Bd2 Be6 10. a3 O-O 11. Ne1 f5 12. Nd5 Qd7 13. b4 Bf7 14. Rb1 cxb4
15. Nxe7+ Nxe7 16. Bxb4 Rfe8 17. Nc2 Rac8 1/2-1/2

[Event "22nd Open"]
[Site "Cappelle la Grande FRA"]
[Date "2006.02.19"]
[Round "2"]
[White "Li Shilong"]
[Black "Raetsky,A"]
[Result "1/2-1/2"]
[WhiteElo "2543"]
[BlackElo "2431"]
[EventDate "2006.02.18"]

1. d4 d5 2. c4 dxc4 3. Nf3 a6 4. e3 Bg4 5. Bxc4 e6 6. h3 Bh5 7. g4 Bg6 8.
Ne5 Nd7 9. Nxg6 hxg6 10. Nc3 Ngf6 11. Bf1 e5 12. Bg2 c6 13. g5 exd4 14.
exd4 Nh5 15. d5 cxd5 16. Nxd5 Bd6 17. Qe2+ Ne5 18. O-O O-O 19. Be3 Nc6 20.
Rfd1 Qe8 21. Kf1 Qe5 22. Nb6 Rad8 23. Nc4 Qf5 24. Qg4 Bc7 25. Qxf5 gxf5 26.
Bc5 Rfe8 27. Nd6 Bxd6 28. Bxd6 Rd7 29. Rd5 Red8 30. Rad1 g6 31. Bh2 Rxd5
32. Rxd5 Rxd5 33. Bxd5 Ng7 34. Bd6 Ne6 35. h4 Kg7 36. Ke1 Ned8 37. Kd2 Ne6
38. Kc3 Ned8 39. Kc4 Ne6 40. Bxc6 bxc6 41. Kb4 f6 42. gxf6+ Kxf6 43. Ka5 g5
44. hxg5+ Nxg5 45. Bc5 Ke5 46. Kxa6 Ne4 47. b4 Nc3 48. a3 f4 49. f3 Kd5 50.
Ba7 Kc4 51. Bb8 Nd5 52. Bd6 1/2-1/2

[Event "22nd Open"]
[Site "Cappelle la Grande FRA"]
[Date "2006.02.19"]
[Round "2"]
[White "Popov,Val"]
[Black "Tunik,G"]
[Result "1/2-1/2"]
[WhiteElo "2592"]
[BlackElo "2469"]
[EventDate "2006.02.18"]

1. Nf3 Nf6 2. c4 e6 3. Nc3 Bb4 4. Qc2 O-O 5. a3 Bxc3 6. Qxc3 d6 7. b4 e5 8.
Bb2 a5 9. d3 axb4 10. axb4 Rxa1+ 11. Bxa1 Bg4 12. Nd2 b5 13. h3 Be6 14. e3
bxc4 15. dxc4 Na6 16. Be2 Qb8 17. b5 Nc5 18. O-O Qb6 19. Qc2 Ra8 20. Bc3
Nfd7 21. Kh2 f6 22. Rc1 1/2-1/2

[Event "22nd Open"]
[Site "Cappelle la Grande FRA"]
[Date "2006.02.19"]
[Round "2"]
[White "Vysochin,S"]
[Black "Riff,JN"]
[Result "1-0"]
[WhiteElo "2551"]
[BlackElo "2444"]
[EventDate "2006.02.18"]

1. e4 c5 2. c3 d5 3. exd5 Qxd5 4. d4 g6 5. Nf3 Bg7 6. Na3 cxd4 7. Bc4 Qd8
8. Qb3 e6 9. Bg5 Ne7 10. cxd4 h6 11. Bf4 O-O 12. O-O Nbc6 13. Rad1 a6 14.
Rfe1 b5 15. Bf1 Bb7 16. Ne5 Nf5 17. Nc2 Rc8 18. Qh3 Nxe5 19. dxe5 Qa5 20.
Ne3 Nxe3 21. Bxe3 Qxa2 22. Bxh6 Qa4 23. Rd7 Qb4 24. Red1 Bd5 25. Qe3 Qg4
26. Bxg7 Kxg7 27. Rd4 Qh5 28. Be2 Qf5 29. Bd3 Qh5 30. h4 Rcd8 31. Rxd8 Rxd8
32. Be2 Qh6 33. Rf4 Kg8 34. h5 gxh5 35. Rg4+ 1-0

[Event "22nd Open"]
[Site "Cappelle la Grande FRA"]
[Date "2006.02.19"]
[Round "2"]
[White "Firman,N"]
[Black "Nijboer,F"]
[Result "1/2-1/2"]
[WhiteElo "2468"]
[BlackElo "2571"]
[EventDate "2006.02.18"]

1. e4 c5 2. Nf3 d6 3. d4 cxd4 4. Nxd4 Nf6 5. Nc3 Nc6 6. Bg5 Qb6 7. Nb3 e6
8. Bxf6 gxf6 9. Qd2 Bd7 10. O-O-O Na5 11. Kb1 Nxb3 12. axb3 O-O-O 13. f4
Kb8 14. Be2 h5 15. Rhf1 Qc5 16. Rf3 f5 17. Rd3 Bc6 18. e5 d5 19. Bf3 Qa5
20. Ne2 Qxd2 21. R3xd2 Be7 22. c4 dxc4 23. Rxd8+ Bxd8 24. Bxc6 bxc6 25.
bxc4 Kc7 26. Rd3 Be7 27. Kc2 h4 28. Rh3 a5 29. g3 Kb6 30. gxh4 Kc5 31. b3
Bxh4 32. Kb1 Bf6 33. Rxh8 Bxh8 34. h4 f6 35. exf6 Bxf6 36. h5 e5 37. fxe5
Bxe5 38. h6 a4 39. Kc2 a3 40. Kb1 f4 41. Ng1 Kd6 42. Nf3 Bc3 43. Ka2 Ke6
44. Kxa3 Kf5 45. b4 Kg6 46. Kb3 Bf6 47. c5 Kxh6 48. Kc4 Kh5 49. b5 cxb5+
50. Kxb5 1/2-1/2

[Event "22nd Open"]
[Site "Cappelle la Grande FRA"]
[Date "2006.02.19"]
[Round "2"]
[White "Guseinov,G"]
[Black "Andreev,Ed"]
[Result "1/2-1/2"]
[WhiteElo "2607"]
[BlackElo "2470"]
[EventDate "2006.02.18"]

1. e4 c5 2. Nf3 d6 3. d4 cxd4 4. Nxd4 Nf6 5. Nc3 Nc6 6. Bg5 e6 7. Qd2 a6 8.
O-O-O Bd7 9. f4 h6 10. Bh4 g5 11. fxg5 Ng4 12. Be2 Nge5 13. Nf3 Be7 14.
Rhg1 b5 15. Rdf1 b4 16. Nd1 hxg5 17. Bxg5 Bxg5 18. Nxg5 Qb6 19. Nf3 Nxf3
20. gxf3 Nd4 21. Kb1 Rc8 22. c4 b3 23. a3 Nc2 24. Nc3 Qd4 25. Rd1 Qxd2 26.
Rxd2 Ke7 27. Bd1 Rxc4 28. Bxc2 bxc2+ 29. Kxc2 Rh3 30. Kd3 Rc6 31. Ke3 Rb6
32. b4 Rc6 33. Rc1 Rc4 34. Ne2 Rxc1 35. Nxc1 Bc6 36. Ne2 e5 37. Ng3 Bd7 38.
f4 exf4+ 39. Kxf4 Rh4+ 40. Ke3 Be6 1/2-1/2

[Event "22nd Open"]
[Site "Cappelle la Grande FRA"]
[Date "2006.02.19"]
[Round "2"]
[White "Chatalbashev,B"]
[Black "Delchev,A"]
[Result "1/2-1/2"]
[WhiteElo "2494"]
[BlackElo "2661"]
[EventDate "2006.02.18"]

1. d4 Nf6 2. Nf3 e6 3. c4 Bb4+ 4. Nbd2 b6 5. a3 Bxd2+ 6. Qxd2 Bb7 7. e3 O-O
8. Be2 d5 9. O-O Nbd7 10. b4 dxc4 11. Bxc4 c5 12. Bb2 Qe7 13. Qe2 Rfd8 14.
Rfc1 Ne4 15. Ba6 Bxa6 16. Qxa6 cxb4 17. Qd3 Nd6 18. axb4 b5 19. Rc7 a6 20.
d5 Ne8 21. Qd4 1/2-1/2

[Event "22nd Open"]
[Site "Cappelle la Grande FRA"]
[Date "2006.02.19"]
[Round "2"]
[White "Gutman,G"]
[Black "Vovk,Y"]
[Result "1-0"]
[WhiteElo "2517"]
[BlackElo "2414"]
[EventDate "2006.02.18"]

1. d4 Nf6 2. Nf3 g6 3. c4 Bg7 4. Nc3 O-O 5. e4 d6 6. Be2 e5 7. dxe5 dxe5 8.
Qxd8 Rxd8 9. Bg5 Re8 10. Nd5 Nxd5 11. cxd5 c6 12. Bc4 b5 13. Bb3 a5 14. a4
Ba6 15. Bd2 Nd7 16. dxc6 Nc5 17. Bd5 Nd3+ 18. Kf1 b4 19. Kg1 Nf4 20. Bxf4
exf4 21. Ra2 Bd3 22. b3 Bc3 23. g3 Bxe4 24. Bxe4 Rxe4 25. Kg2 Rc8 26. Rd1
fxg3 27. hxg3 Rxc6 28. Rd5 Ra6 29. Kf1 Ree6 30. Re2 Red6 31. Re8+ Kg7 32.
Rd8 Rxd8 33. Rxd8 Kf6 34. Rd5 Ke6 35. Rb5 f6 36. Ke2 h5 37. Nh4 g5 38. Nf5
Ra7 39. Ne3 Bd4 40. Nc4 Rh7 41. Nxa5 h4 42. gxh4 gxh4 43. Nc6 Bc3 44. Kf1
h3 45. Kg1 Rg7+ 46. Kh2 Rg2+ 47. Kxh3 Rxf2 48. Nxb4 Be5 49. Nc6 Bd6 50.
Nd4+ Kd7 51. Rd5 Ke7 52. Nf5+ Ke6 53. Rxd6+ Kxf5 54. Rb6 Ra2 55. Kg3 Ke5
56. Kf3 Ra3 57. Rb5+ Kd6 58. Ke4 Ra1 59. Rb6+ Ke7 60. Kd5 Rd1+ 61. Kc5 f5
62. a5 f4 63. Rb4 f3 64. Rf4 Rd3 65. b4 Rc3+ 66. Kb6 Kd6 67. a6 1-0

[Event "22nd Open"]
[Site "Cappelle la Grande FRA"]
[Date "2006.02.19"]
[Round "2"]
[White "Totsky,L"]
[Black "Rudolf,An"]
[Result "1-0"]
[WhiteElo "2496"]
[BlackElo "2202"]
[EventDate "2006.02.18"]

1. e4 e6 2. d3 d5 3. Qe2 Nc6 4. Nf3 e5 5. c3 Nf6 6. b4 Bg4 7. a3 a5 8. b5
dxe4 9. bxc6 exf3 10. gxf3 Be6 11. cxb7 Rb8 12. Bg2 Bd6 13. Nd2 O-O 14. O-O
Re8 15. Rb1 Nd5 16. Ne4 f5 17. Nxd6 cxd6 18. Bd2 f4 19. c4 Qg5 20. Kh1 Nf6
21. Bxa5 Re7 22. Rfe1 Bf5 23. c5 dxc5 24. Bd8 Rexb7 25. Rxb7 Rxb7 26. Qxe5
Rd7 27. Be7 h6 28. Qxc5 Rxd3 29. a4 Qg6 30. a5 Kh7 31. a6 Nd7 32. Qc4 Qb6
33. Qxf4 Bg6 34. Rg1 Qxa6 35. Bf1 Qe6 36. Bxd3 Bxd3 37. Qe3 Qf5 38. Bd6 Nf6
39. Be5 Nh5 40. Rd1 Bc2 41. Rc1 Bd3 42. Rg1 Bc2 43. Rg4 Bd1 44. Kg2 Bxf3+
45. Qxf3 Qxe5 46. Qe4+ Qxe4+ 47. Rxe4 Kg6 48. Kf3 Kf5 49. Ra4 g5 50. Ra7
Kg6 51. h4 Nf6 52. hxg5 hxg5 53. Ke3 Ng4+ 54. Ke2 Nf6 55. f3 Nh5 56. Ke3
Nf4 57. Ke4 Kh5 58. Ra1 Kg6 59. Rb1 Kh5 60. Kf5 Kh4 61. Rg1 Nh3 62. Rh1 Kg3
63. Rxh3+ 1-0

[Event "22nd Open"]
[Site "Cappelle la Grande FRA"]
[Date "2006.02.19"]
[Round "2"]
[White "Belikov,V"]
[Black "Rojas,L"]
[Result "1-0"]
[WhiteElo "2528"]
[BlackElo "2423"]
[EventDate "2006.02.18"]

1. e4 e6 2. d4 d5 3. Nd2 c5 4. Ngf3 cxd4 5. Nxd4 Nc6 6. Bb5 Bd7 7. Nxc6
Bxc6 8. Bxc6+ bxc6 9. c4 Nf6 10. Qa4 Qd7 11. e5 Ng4 12. cxd5 Nxe5 13. dxe6
Nd3+ 14. Ke2 fxe6 15. Rd1 Rd8 16. Nf1 Bc5 17. Qc4 O-O 18. f3 Ne5 19. Rxd7
Nxc4 20. Rxd8 Rxd8 21. b3 Bd4 22. Rb1 Nb6 23. Bd2 Nd5 24. Rc1 c5 25. Ng3
Rd6 26. Ne4 Ra6 27. Rc2 Kf7 28. Kd3 Ke7 29. h3 h6 30. Kc4 Kd7 31. Kd3 Ke7
32. h4 Kf7 33. Kc4 Rc6 34. Kd3 Ra6 35. Kc4 Rc6 36. h5 a6 37. Kd3 Ne7 38.
Rc1 Rc7 39. g4 e5 40. g5 hxg5 41. Nxg5+ Kf6 42. Ne4+ Ke6 43. Be3 Kd5 44.
Bxd4 exd4 45. f4 Nf5 46. Rg1 a5 47. Rg5 Rf7 48. Ng3 Ke6 49. Rg6+ Kd5 50.
Rg5 Ke6 51. Nxf5 Rxf5 52. Rxg7 Rxf4 53. Kc4 Rh4 54. Kxc5 d3 55. Rg3 d2 56.
Rd3 Rxh5+ 57. Kc4 Rh2 58. a3 d1=Q 59. Rxd1 Ra2 60. a4 Rc2+ 61. Kb5 1-0

[Event "22nd Open"]
[Site "Cappelle la Grande FRA"]
[Date "2006.02.19"]
[Round "2"]
[White "Sebenik,M"]
[Black "Lopez Martinez,J"]
[Result "1/2-1/2"]
[WhiteElo "2416"]
[BlackElo "2518"]
[EventDate "2006.02.18"]

1. Nf3 Nf6 2. c4 g6 3. d4 Bg7 4. g3 O-O 5. Bg2 c5 6. d5 d6 7. O-O b5 8.
cxb5 a6 9. bxa6 Bxa6 10. Nc3 Nbd7 11. Qc2 Qa5 12. Rd1 Rfb8 13. Bd2 Ng4 14.
Rab1 Nge5 15. Nxe5 Nxe5 16. b3 Ra7 17. a4 Rab7 18. Na2 Qd8 19. Bc3 Qc8 20.
f4 Ng4 21. Bh3 Qf5 22. Qxf5 gxf5 23. Bxg4 fxg4 24. Bxg7 Kxg7 25. Nc3 Rxb3
26. Nb5 Rxb1 27. Rxb1 Bxb5 28. Rxb5 Rc8 29. Kf1 c4 30. Ke1 c3 31. Kd1 Rc4
32. a5 Ra4 33. Kc2 Ra3 34. e4 Kf6 35. Rb3 Rxa5 36. Kxc3 Ra1 37. Rb2 Rd1 38.
Rd2 Re1 39. Kd3 e6 40. Re2 Rd1+ 41. Kc2 Rf1 42. dxe6 Kxe6 43. Kd3 h5 44.
Ke3 h4 45. gxh4 Rf3+ 46. Kd4 Rxf4 47. h5 Kf6 48. Kd5 Kg5 49. Kxd6 Kxh5 50.
e5 Kg5 51. Ke7 Kh4 52. Kf8 Rf1 53. Kg8 Kg5 54. Kg7 Rf5 55. Kf8 Kg6 56. Ke7
Rf4 57. Rg2 Kh5 58. Re2 Kg5 59. Kf8 Kg6 60. Rg2 Re4 1/2-1/2

[Event "22nd Open"]
[Site "Cappelle la Grande FRA"]
[Date "2006.02.19"]
[Round "2"]
[White "Kryvoruchko,Y"]
[Black "Chabanon,JL"]
[Result "1-0"]
[WhiteElo "2513"]
[BlackElo "2411"]
[EventDate "2006.02.18"]

1. e4 c5 2. Nf3 Nc6 3. d4 cxd4 4. Nxd4 Nf6 5. Nc3 d6 6. f3 e5 7. Nb3 Be7 8.
Be3 O-O 9. Qd2 Be6 10. Nd5 Bxd5 11. exd5 Nb8 12. Na5 Nbd7 13. Nxb7 Qb8 14.
Ba6 Nb6 15. c4 Nxc4 16. Bxc4 Qxb7 17. O-O Bd8 18. Kh1 Nd7 19. a4 Nb6 20.
Bb3 Nd7 21. Bc4 Nb6 22. Qb4 Rb8 23. Ba2 Nc8 24. Qe1 Bb6 25. b4 Bxe3 26.
Qxe3 Nb6 27. Qa3 Nd7 28. b5 Nc5 29. Bc4 Rfc8 30. Rfc1 g6 31. a5 Qe7 32. Bf1
e4 33. fxe4 Qxe4 34. Re1 Qxd5 35. Rad1 Qf5 36. Qf3 Qxf3 37. gxf3 Rc7 38.
Rxd6 Nb7 39. Rc6 Rxc6 40. bxc6 Nc5 41. Bh3 f5 42. Re5 Rb1+ 43. Kg2 Na4 44.
Re8+ Kf7 45. Ra8 Ke6 46. Rxa7 Nc5 47. Rxh7 Nd3 48. c7 Rc1 49. a6 Nf4+ 50.
Kg3 Nd5 51. a7 Nb6 52. Rh8 Rxc7 53. a8=Q Nxa8 54. Rxa8 Kf6 55. Bf1 Rc3 56.
Ra6+ Kg5 57. h4+ Kh5 58. Bb5 Rc8 59. Re6 1-0

[Event "22nd Open"]
[Site "Cappelle la Grande FRA"]
[Date "2006.02.19"]
[Round "2"]
[White "Petitcunot,Pi"]
[Black "Oleksienko,M"]
[Result "0-1"]
[WhiteElo "2405"]
[BlackElo "2509"]
[EventDate "2006.02.18"]

1. e4 c5 2. Nf3 e6 3. d3 Nc6 4. g3 g6 5. d4 cxd4 6. Nxd4 a6 7. Nxc6 bxc6 8.
Bg2 Bg7 9. O-O d6 10. c4 Ne7 11. Qd3 Rb8 12. Rd1 c5 13. a3 Nc6 14. Nd2 Nd4
15. Rb1 Bd7 16. b3 O-O 17. Nf3 f5 18. Nxd4 cxd4 19. a4 e5 20. c5 dxc5 21.
Qxa6 Qc8 22. Qxc8 Rfxc8 23. exf5 Bxf5 24. Bd5+ Kf8 25. Rb2 Ke7 26. Bc4 Be6
27. Bb5 Rxb5 28. axb5 Rb8 29. f3 Rxb5 30. Rd3 Kd6 31. g4 Bf6 32. Ra2 Bd8
33. Ra3 Ba5 34. Bb2 Kc6 35. Ba1 c4 36. bxc4 Rb1+ 37. Kf2 Bxc4 38. Rxa5 Bxd3
39. f4 Rf1+ 40. Kg3 exf4+ 41. Kg2 Rd1 42. Kf3 Kb6 43. Ra3 Rf1+ 44. Kg2 Kc5
45. Ra5+ Kb4 46. Ra7 Rxa1 47. Rxa1 Bc2 48. Rf1 d3 49. Rxf4+ Kc3 50. Rf3 Bd1
51. Rg3 Kc2 52. Kh3 d2 53. Rg2 h5 54. Kg3 Bxg4 55. h3 Bf5 0-1